All Aircraft in the Swedish tech tree (War Thunder) - Statistics

General Stats
  • This quiz has been taken 6 times
  • The average score is 51 of 65
Answer Stats
Picture Answer % Correct
B-239
100%
F-16A
100%
F-16AM
100%
F-18C
100%
F/A-18C MLU 2
100%
J21A-1
100%
J35A
100%
J35D
100%
JA37D
100%
JAS39A
100%
JAS39C
100%
JAS39D
100%
JAS39E
100%
MiG-21bis
100%
A21A-3
80%
A21RB
80%
A28B
80%
A32A
80%
B3C
80%
Bf 109 G-2
80%
Bf 109 G-6
80%
Bf 109 G-6 Erla
80%
F-5A(G)
80%
J20
80%
J21RA
80%
J22-A
80%
J26
80%
J29A
80%
J29D
80%
J29F
80%
J6B
80%
J8A
80%
J9 Early
80%
JA37DI
80%
JA37DI F21
80%
Mosquito F.Mk.II
80%
Mosquito J30
80%
S17BS
80%
SAAB-105G
80%
SAAB-105OE
80%
Saab F-35
80%
SK60B
80%
T18B
80%
T18B (57)
80%
T 2
80%
Vampire FB 52A
80%
A29B
60%
AJ37
60%
AJS37
60%
Ar 196 A-5
60%
B17A
60%
B17B
60%
B18A
60%
B18B
60%
Fokker D.XXI
60%
Fokker D.XXI-3
60%
Iacobi's J8A
60%
J11
60%
J26 David
60%
J34
60%
JA37C
60%
Mosquito FB Mk VI
60%
Mosquito FB Mk VI ASH
60%
Saab J35XS
60%
VL Pyorremyrsky
60%
No matching quizzes found
Score Distribution
Percent of People with Each Score
Percentile by Number Answered
Your Score History
You have not taken this quiz